000
00303nam a2200121Ia 4500
008
220204s9999 xx 000 0 und d
082
_a
011
_b
BAH
100
_a
BAHM, Archie J
245
0
_a
Metaphysics: An introduction
260
_a
New York
_b
Barnes & Noble
_c
1974
650
_a
Metaphysics
942
_c
BK
999
_c
34085
_d
34085